[Event "21st Alekhine Master 2017"]
[Site "Voronezh"]
[Date "2017.06.21"]
[Round "9"]
[White "Kozionov, Kirill"]
[Black "Rozum, Ivan"]
[Result "0-1"]
[WhiteElo "2437"]
[BlackElo "2599"]
[Annotator "TA"]
[PlyCount "100"]
[EventDate "2017.??.??"]
[EventType "swiss"]
[EventCountry "RUS"]
[SourceTitle "playchess.com"]
[Source "ChessBase"]
[SourceQuality "1"]

{[%evp 16,100,8,4,29,29,42,30,31,36,34,13,33,9,7,-3,0,-3,0,-16,-18,-23,-18,-12,-14,-14,-10,-35,-31,-62,-61,-63,-54,-83,-41,-68,-38,-83,-87,-128,-82,-82,-70,-78,-64,-200,-200,-195,-191,-220,-205,-187,-175,-168,-62,-66,-65,-90,-62,-144,-39,-56,-6,-50,-72,-62,-71,-65,-91,-73,-16,-13,-13,-13,-9,-117,-105,-710,-695,-774,-769,-987,-899,-888,-872,-952,-940]} 1. d4 Nf6 {[%cal Bg8f6,Bf6e4,Be4d2][%mdl 32]} 2. c4 e6 3. Nc3 Bb4 4. e3 b6 5. Nge2 Ne4 6. Bd2 Nxd2 7. Qxd2 O-O 8. a3 Be7 9. d5 {LiveBook: 12 Games} exd5 {E44: Nimzo-Indian: Rubinstein: 4...b6 5 Ne2} 10. cxd5 c5 11. d6 (11. dxc6 $5 dxc6 12. Qc2 $11) 11... Bf6 {White has an edge.} 12. Nd5 Nc6 13. Rd1 $146 ({Predecessor:} 13. Ng3 g6 14. h4 Bb7 15. h5 Na5 16. Ne4 Bxd5 17. Qxd5 Bxb2 {0-1 (69) Knaak,R (2535)-Bischoff,K (2510) Bayern 1991}) 13... Bb7 14. Nec3 Be5 15. Nc7 Rc8 16. Ba6 Na5 17. Bxb7 Nxb7 18. N7b5 a6 $36 {[%mdl 2048] Black fights for an advantage.} 19. Qd5 Bxc3+ 20. Nxc3 Rc6 21. O-O Nxd6 22. e4 b5 23. b3 Qa5 24. Rd3 c4 25. b4 Qd8 (25... Qxa3 $5 {[%cal Rc4d3]} 26. Rg3 Ne8 $15) 26. Rh3 Nc8 {[%cal Bd6c8,Bc8e7,Be7g6][%mdl 32]} 27. e5 Rg6 28. Rd1 d6 29. Rg3 Re6 30. Qd4 (30. Qa8 $15) 30... Ne7 $19 31. Qg4 {[%csl Gg3][%cal Rg4g7]} Ng6 32. f4 f5 33. exf6 Qxf6 34. Nd5 Qf5 ({Better is} 34... Qf7 $1 $19 35. h3 Re4) 35. Qxf5 $15 Rxf5 36. Rf3 $1 h5 37. Rf2 (37. g3 $1 $15) 37... Re4 ({Black should try} 37... Kf7 $17 38. Nc7 Re7) 38. g3 Rf7 39. Rfd2 Ne7 40. Nxe7+ Rfxe7 41. Rxd6 $17 {[%mdl 4096] Endgame KRR-KRR} Re2 $1 {Strongly threatening ...c3.} 42. R1d5 c3 (42... Rc7 $17 43. Rd2 Rce7) 43. Rd8+ $1 $11 Kf7 44. Rf5+ Kg6 (44... Ke6 $5 45. Rc5 $8 Rd2 $11) 45. Rdf8 {[#]} (45. Rg5+ $1 $11 Kf7 46. Rf5+ Ke6 47. Rc5) 45... R7e6 $1 $17 ({Don't play} 45... Re1+ $6 46. Kg2 $11) 46. Rd5 $2 {[%mdl 8192]} (46. h4 $17) 46... c2 $19 {Black is clearly winning.} ({Stronger than} 46... Re1+ 47. Kg2 $11) 47. Rc8 R6e4 {aiming for ...Rc4.} ({Less strong is} 47... Re1+ 48. Kg2 $17) 48. f5+ Kf6 49. Rc6+ {[#]} Kf7 $1 {White must now prevent ...Rc4.} 50. Rc7+ Re7 {Precision: White = 35%, Black = 60%.} 0-1

[Event "21st Alekhine Master 2017"]
[Site "Voronezh"]
[Date "2017.06.21"]
[Round "9"]
[White "Khanin, Semen"]
[Black "Bocharov, Dmitry"]
[Result "1/2-1/2"]
[WhiteElo "2436"]
[BlackElo "2579"]
[Annotator "TA"]
[PlyCount "80"]
[EventDate "2017.??.??"]
[EventType "swiss"]
[EventCountry "RUS"]
[SourceTitle "playchess.com"]
[Source "ChessBase"]
[SourceQuality "1"]

{[%evp 19,80,0,0,0,0,0,0,12,54,73,72,65,75,90,68,53,60,53,60,53,69,60,137,95,191,5,13,0,13,0,0,0,0,0,0,0,0,-2,0,0,0,-2,-2,-13,0,-35,-31,-44,-45,-43,0,-6,-2,-6,0,0,0,0,0,0,0,0,0]} 1. e4 g6 2. d4 Bg7 3. Nc3 d6 4. f4 Nf6 5. Nf3 O-O 6. Bd3 Na6 7. O-O c5 8. d5 Rb8 9. a4 Nb4 10. Bc4 e6 11. dxe6 {B09: Pirc Defence: Austrian Attack} Bxe6 12. Bxe6 fxe6 13. Qe2 {[#]} Kh8 $146 ({Predecessor:} 13... Qe7 14. Nb5 a6 15. Nxd6 Qxd6 16. e5 Qd5 17. exf6 Bxf6 18. Ra3 Qf5 {0-1 (36) Matsenko,S (2468)-Demchenko,A (2603) St Petersburg 2012}) 14. e5 dxe5 15. fxe5 {[#] And now Bg5 would win.} Nfd5 16. Ne4 Qc7 17. c4 Nf4 18. Bxf4 $1 Rxf4 19. Nfg5 Bxe5 20. Nxe6 Rxf1+ (20... Bd4+ $1 $14 21. Kh1 Rxf1+ 22. Rxf1 Qe7 23. N4xc5 b6) 21. Rxf1 $16 Qe7 {[#]} (21... Bd4+ $16 {might work better.} 22. Kh1 (22. Nxd4 cxd4 23. Ng5 Nc6 $16) 22... Qe7 23. N4xc5 b6) 22. N4xc5 $2 ({Only move:} 22. N4g5 $1 $18 Bf6 23. Qd2) 22... Nc6 {Hoping for ...Bd4+.} 23. Qf3 Re8 24. Kh1 Bxb2 25. h3 Bd4 26. Qd5 Bxc5 (26... Be3 {seems wilder.} 27. Rf3 Bxc5 28. Nxc5 Rd8 29. Qf7 Qxc5 30. Qf6+ Kg8) 27. Nxc5 Rd8 28. Qe6 Qxe6 29. Nxe6 $11 {[%mdl 4096] Endgame KRN-KRN} Re8 30. Rf6 Ne5 31. c5 Kg8 32. Nc7 Re7 33. Nd5 Rd7 34. Nc3 Kg7 35. Re6 {The position is equal.} Nc6 36. Nb5 a5 37. Nd6 Nb4 38. Nc4 Nc6 39. Nd6 Nb4 40. Nc4 Nc6 {Precision: White = 61%, Black = 39%.} 1/2-1/2